[Event "Dallas Novice op"]
[Site "Dallas"]
[Date "2001.10.27"]
[Round "1.18"]
[White "Schramm, Greg P"]
[Black "Chen, Franklin"]
[Result "1-0"]
[WhiteElo "1259"]
[BlackElo "943"]
[PlyCount "29"]
[EventDate "2001.10.27"]
[EventType "swiss"]
[EventRounds "5"]
[EventCountry "USA"]
[SourceTitle "EXT 2004"]
[Source "ChessBase"]
[SourceDate "2003.11.25"]
[SourceVersion "1"]
[SourceVersionDate "2003.11.25"]
[SourceQuality "1"]

1. e4 c5 2. Nf3 Nc6 3. d4 d6 4. Bc4 Bg4 5. Be3 Nf6 6. h3 Bxf3 7. Qxf3 cxd4 8. Bf4 e5 9. Bd2 g6 10. 0-0 d3 11. c3 Qb6 12. Qxf6 Rg8 13. Qxf7+ Kd8 14. Bg5+ Ne7 15. Bxe7+ 1-0